Derivatives : the theory and practice of financial engineering

Na minha lista:
Detalhes bibliográficos
Autor principal: Wilmott, Paul
Formato: Livro
Publicado em: John Wiley and Sons 1998
Tags: Adicionar Tag
Sem tags, seja o primeiro a adicionar uma tag!
Thư viện lưu trữ: Mạng thư viện Đại học Đà Nẵng
LEADER 00555nam a2200217 a 4500
001 000029436
003 8208
005 20171030145630.0
008 171030s1998
040 |a LTT 
082 0 |a 332.64  |b WI-P 
100 1 |a Wilmott, Paul 
245 0 0 |a Derivatives : the theory and practice of financial engineering  |c Paul Wilmott. 
260 |b John Wiley and Sons  |c 1998 
OWN |a LTT 
999 |a From the UDN01 
TYP |a Monograph 
TYP |a Printed language 
980 |a Mạng thư viện Đại học Đà Nẵng